ARRUPE JESUIT UNIVERSITY

CORONAVIRUS -STOP THE SPREAD - CLEAN,DISINFECT,COVER

The birth of the New Testament (Record no. 124876)

MARC details
000 -LEADER
fixed length control field 00945cam a2200289 4500
001 - CONTROL NUMBER
control field 1226237
003 - CONTROL NUMBER IDENTIFIER
control field ARRUPE
005 - DATE AND TIME OF LATEST TRANSACTION
control field 20160810102107.0
008 - FIXED-LENGTH DATA ELEMENTS--GENERAL INFORMATION
fixed length control field 710119s1966 enka b 001 0 eng
010 ## - LIBRARY OF CONGRESS CONTROL NUMBER
LC control number 66074524
015 ## - NATIONAL BIBLIOGRAPHY NUMBER
National bibliography number B66-6618
040 ## - CATALOGING SOURCE
Original cataloging agency DLC
Transcribing agency DLC
Modifying agency DLC
050 00 - LIBRARY OF CONGRESS CALL NUMBER
Classification number BS2330.2
Item number .M6 1966
082 00 - DEWEY DECIMAL CLASSIFICATION NUMBER
Classification number 225.6/7
Edition number 19
300 ## - PHYSICAL DESCRIPTION
Other physical details diagrs.
Dimensions 23 cm.
100 1# - MAIN ENTRY--PERSONAL NAME
Personal name Moule, C. F. D.
Fuller form of name (Charles Francis Digby),
Dates associated with a name 1908-2007.
9 (RLIN) 24676
245 14 - TITLE STATEMENT
Title The birth of the New Testament
Statement of responsibility, etc [by] C. F. D. Moule.
250 ## - EDITION STATEMENT
Edition statement 2nd ed.
260 ## - PUBLICATION, DISTRIBUTION, ETC. (IMPRINT)
Place of publication, distribution, etc London,
Name of publisher, distributor, etc Black,
Date of publication, distribution, etc 1966.
300 ## - PHYSICAL DESCRIPTION
Extent xii, 252 p.
350 ## - PRICE (NR) (BK AM CF MU VM SE) [OBSOLETE]
Price 25/-
490 0# - SERIES STATEMENT
Series statement Black's New Testament commentaries, companion volume,
Volume number/sequential designation 1
504 ## - BIBLIOGRAPHY, ETC. NOTE
Bibliography, etc Includes bibliographical references.
630 00 - SUBJECT ADDED ENTRY--UNIFORM TITLE
Uniform title Bible.
Name of part/section of a work New Testament
General subdivision Canon.
9 (RLIN) 24677
650 #0 - SUBJECT ADDED ENTRY--TOPICAL TERM
Topical term or geographic name as entry element Church history
Chronological subdivision Primitive and early church, ca. 30-600
9 (RLIN) 24678
906 ## - LOCAL DATA ELEMENT F, LDF (RLIN)
a 7
b cbc
c orignew
d u
e opcn
f 19
g y-gencatlg
942 ## - ADDED ENTRY ELEMENTS (KOHA)
Source of classification or shelving scheme Library of Congress Classification
Koha item type Monograph ( Printed materials)
Holdings
Withdrawn status Lost status Source of classification or shelving scheme Damaged status Not for loan Collection code Home library Current library Shelving location Date acquired Total Checkouts Full call number Barcode Date last seen Price effective from Koha item type
    Library of Congress Classification     Main Collection ARRUPE LIBRARY ARRUPE LIBRARY Main Collection 10/08/2016   BS2330.2 .M6 1966 46500009457 10/08/2016 10/08/2016 Monograph ( Printed materials)

 

Arrupe Library. PO Box MP320 Mt Pleasant, Harare, Zimbabwe
263 242 745411|librarian@aju.ac.zw